000 00767nam a2200229 a 4500
001 52470
003 BD-RjUL
005 20211209075819.0
008 160921s1968 bg ||||| |||| 00| 0 ben d
020 _c: Tk. 5.00
035 _a(BD-RjUL)52590
040 _aBD-RjUL
_bben
_cBD-RjUL
041 _aben
082 _223
_a891.441
_bRAR 1968
100 1 _aরশিদ, আ ন ম বজলুর
_9156855
245 1 0 _aরঙ ও রেখা /
_cআ ন ম বজলুর রশিদ
260 _aঢাকা :
_bওয়ার্‌সী বুক করপোরেশন,
_c১৯৬৮
300 _a৬০ পৃ. ;
_c২৫ সেমি.
650 _aবাংলা কবিতা
_9156950
650 _aBengali poetry
_9156951
942 _2ddc
_cBK
999 _c52470
_d52470